[Event "Floripa Chess Open 2024"]
[Site "Florianopolis"]
[Date "2024.01.27"]
[Round "9.75"]
[White "Mesquita, Guilherme"]
[Black "Silva, Juliana Figueira Th"]
[Result "1/2-1/2"]
[WhiteElo "1975"]
[BlackElo "1747"]
[PlyCount "114"]
[EventDate "2024.01.20"]
[EventRounds "10"]
[EventCountry "BRA"]

1. e4 c5 2. c3 d5 3. exd5 Qxd5 4. d4 Nf6 5. dxc5 Qxc5 6. Be3 Qc7 7. Bb5+ ({RR} 
7. Na3 Nc6 8. Nb5 Qb8 9. Nf3 e5 10. Bc4 Be7 11. Ng5 O-O 12. Bxf7+ Rxf7 13. Qb3
Nd8 14. O-O-O Bd7 15. Rxd7 Nxd7 16. Nxf7 Nxf7 17. Qe6 Qe8 18. Nc7 Nf8 19. Qb3
Qc8 20. Nxa8 Qxa8 21. Rd1 a6 {Adianto,U (2562)-Lautier,J (2665) Cap d'Agde
2002 1/2-1/2 (58)}) ({RR} 7. Na3 a6 8. Nc4 Nbd7 9. a4 b6 10. Nf3 Bb7 11. Be2 e6
12. O-O Be7 13. a5 b5 14. Nb6 Rd8 15. Qc2 O-O 16. h3 Nc5 17. b4 Nce4 18. Rfc1
h6 19. Rab1 g5 20. c4 bxc4 21. Qxc4 Qxc4 {Jobava,B (2582)-Maisuradze,N (2222)
Europe-Echecs INT 2021 1-0 (34)}) 7... Bd7 8. a4 $146 ({RR} 8. Bxd7+ Nbxd7 9.
Nf3 e6 10. h3 Be7 11. O-O O-O 12. Nd4 a6 13. Qc2 Rfd8 14. Nd2 Rac8 15. N2f3 Ne5
16. Nxe5 Qxe5 17. Rfd1 Nd5 18. Nf3 Nxe3 19. Rxd8+ Rxd8 20. Qe2 Qe4 21. Qxe3
Qxe3 22. fxe3 f6 {Mirza,D (1712)-Uksini,B (1909) Mureck 2012 1/2-1/2 (47)})
8... e5 9. Na3 a6 10. Be2 Be6 11. Nf3 h6 12. Nd2 Nd5 13. Ndc4 Nxe3 14. Nxe3 Bc5
15. Nd5 Qd8 16. Bf3 O-O 17. b4 Be7 18. Nc4 Nd7 19. O-O f5 20. Na5 e4 21. Be2
Ne5 22. Nf4 Bf7 23. Qxd8 Rfxd8 24. Nxb7 Rd2 25. Bxa6 e3 26. Bb5 Rxf2 27. Nc5
Rc2 28. Rac1 Rxc1 29. Rxc1 Bxc5 30. bxc5 Rc8 31. Ne2 Rxc5 32. Nd4 Bc4 33. Bxc4+
Nxc4 34. Kf1 Kf7 35. Ke2 f4 36. Rb1 Nd6 37. Nb5 Nxb5 38. axb5 Rxc3 39. b6 Rc8
40. g3 fxg3 41. hxg3 Ke6 42. b7 Rb8 43. Kxe3 g5 44. g4 Kd5 45. Kd3 Ke5 46. Ke3
Kd5 47. Rb3 Kc4 48. Rb1 Kd5 49. Rb2 Re8+ 50. Kd3 Rb8 51. Rb4 Kc5 52. Kc3 Kc6
53. Re4 Rxb7 54. Re6+ Kd5 55. Rxh6 Ke4 56. Rf6 Rd7 57. Rf5 Rd5 1/2-1/2

[Event "Floripa Chess Open 2024"]
[Site "Florianopolis"]
[Date "2024.01.27"]
[Round "9.77"]
[White "Ferreira, Rodrigo Maycon Mira"]
[Black "Lutz, Igor Oscar"]
[Result "0-1"]
[WhiteElo "1754"]
[BlackElo "1947"]
[PlyCount "68"]
[EventDate "2024.01.20"]
[EventRounds "10"]
[EventCountry "BRA"]

1. d4 {Karjakin,S} Nf6 2. c4 e6 3. Nc3 d5 4. cxd5 exd5 5. Bg5 Be7 6. e3 O-O 7.
Bd3 c6 8. Qc2 h6 9. Bh4 Nh5 10. Bxe7 Qxe7 11. Nf3 ({RR} 11. Nge2 Re8 12. O-O-O
b5 13. h3 Nf6 14. Kb1 a5 15. g4 Na6 16. Ng3 Nb4 17. Qd2 a4 18. Bf5 a3 19. b3
Ne4 20. Ncxe4 Bxf5 21. gxf5 dxe4 22. Rc1 Qd6 23. Rc3 Nd5 24. Rc2 b4 25. Rhc1
Nc3+ {Quirke,J (2086)-Martinez Ramirez,L (2456) chess.com INT 2022 1/2-1/2 (82)
}) 11... Nf4 12. Bf1 Bg4 $146 ({RR} 12... Nd7 13. O-O-O Ng6 ({RR} 13... Nh5 14.
g4) 14. h4 Qf6 15. Bd3 Nb6 16. h5 ({RR} 16. Kb1) 16... Ne7 17. Rh4 Bf5 18. Bxf5
({RR} 18. Rf4 Bxd3 19. Qxd3 Qe6 20. g4 f6) 18... Qxf5 19. Qxf5 Nxf5 20. Rf4 Nd6
21. Ne5 Rae8 22. Rh1 Re7 23. Kc2 Rfe8 24. b3 a5 25. a4 Na8 26. Nd3 Nc7 27. Rg4
{Karjakin,S (2771)-Kramnik,V (2783) Stavanger 2014 CBM 161 [Karjakin,S] 1-0 
(72)}) 13. Ne5 Bh5 14. g4 Bg6 15. Nxg6 Nxg6 16. O-O-O Nh4 17. Kb1 Nd7 18. e4
dxe4 19. Nxe4 Nf6 20. Nxf6+ Qxf6 21. Bc4 Rfd8 22. d5 Rac8 23. dxc6 Qxc6 24.
Rxd8+ Rxd8 25. Rc1 Nf3 26. Rd1 Rxd1+ 27. Qxd1 Nd2+ 28. Qxd2 Qxc4 29. Qd1 Qe4+
30. Ka1 Qg2 31. a3 Qxf2 32. Qd8+ Kh7 33. Qd3+ g6 34. Qd5 Qe1+ 0-1

[Event "Floripa Chess Open 2024"]
[Site "Florianopolis"]
[Date "2024.01.27"]
[Round "9.78"]
[White "Cantarino Neto, Mario Ribeiro"]
[Black "Gomes, Maria Eduarda Papin"]
[Result "1/2-1/2"]
[WhiteElo "1944"]
[BlackElo "1744"]
[PlyCount "78"]
[EventDate "2024.01.20"]
[EventRounds "10"]
[EventCountry "BRA"]

1. c4 e6 2. Nf3 d5 3. g3 c5 4. cxd5 exd5 5. d4 Nc6 6. Bg2 Nf6 7. O-O cxd4 8.
Nxd4 Bc5 9. Nxc6 bxc6 10. Qc2 Qb6 11. Nc3 Bd6 ({RR} 11... Be7 12. e4 Be6 13.
exd5 cxd5 14. Qa4+ Kf8 15. Bg5 Rd8 16. Rad1 d4 17. Ne4 Nxe4 18. Bxe7+ Kxe7 19.
Bxe4 Rd6 20. Rfe1 Kf6 21. Qa3 g6 {0-1 (21) Berkovich,M (2421)-Manor,I (2502)
Israel 2002}) ({RR} 11... Be7 12. e4 Be6 13. Be3 Qb7 14. exd5 cxd5 15. Qa4+ Bd7
16. Qb3 Qxb3 17. axb3 Be6 18. Rxa7 Rxa7 19. Bxa7 O-O 20. Rd1 Rd8 21. Bd4 h5 22.
Bxf6 Bxf6 23. Nxd5 Bxd5 24. Bxd5 h4 25. b4 Rb8 26. b3 {Richter,N (2270)-Pisk,P
(2329) Marianske Lazne CZE 2022 1-0 (60)}) 12. e4 O-O 13. exd5 c5 $146 ({RR} 
13... cxd5 14. Nxd5 Nxd5 15. Bxd5 Bh3 16. Bxa8 Rxa8 17. Be3 Qb5 18. Rfc1 Rf8
19. Qc6 Qb8 20. Bxa7 Qxa7 21. Qxd6 {1/2-1/2 (21) Matta,P (2046)-Barrera,M
Cartago 2009}) ({RR} 13... cxd5 14. Nxd5 Nxd5 15. Bxd5 Bh3 16. Be3 Qd8 17. Rfd1
Rc8 18. Qd2 a5 19. Rac1 Rxc1 20. Rxc1 Qf6 21. Qxa5 Qf5 22. Qd2 Bb4 23. Qd4 Rd8
24. Bxf7+ Kxf7 25. Qxd8 Ba5 26. Qd4 g5 27. Rd1 Qc2 28. Qd5+ {Kislinger,G-Dost,
A Bayern 2000 1-0 (33)}) 14. a4 Ba6 15. Re1 Rfe8 16. Bg5 Nd7 17. Ne4 Be5 18.
Rab1 Rab8 19. Be3 Bd4 20. Bxd4 cxd4 21. Qc6 Red8 22. b4 Bb7 23. Qd6 d3 24. Red1
Qd4 25. Qf4 Bxd5 26. Nf6+ Qxf6 27. Bxd5 Qxf4 28. gxf4 Nf6 29. Bc4 d2 30. f3 Rd4
31. Bb5 Rc8 32. Kf2 Rc2 33. Rb3 Rc1 34. Ke2 Rxd1 35. Kxd1 Nd5 36. Rd3 Rxd3 37.
Bxd3 Nxb4 38. Be4 Kf8 39. Kxd2 Na6 1/2-1/2

[Event "Floripa Chess Open 2024"]
[Site "Florianopolis"]
[Date "2024.01.27"]
[Round "9.79"]
[White "Carvalho Jr, Celestino"]
[Black "Constantino, Pedro Henrique"]
[Result "1-0"]
[WhiteElo "1939"]
[BlackElo "1728"]
[PlyCount "135"]
[EventDate "2024.01.20"]
[EventRounds "10"]
[EventCountry "BRA"]

1. Nf3 c5 2. g3 Nc6 3. Bg2 g6 4. O-O Bg7 5. e4 e5 6. Nc3 Nge7 7. d3 O-O 8. Bg5
h6 9. Be3 d6 10. Qd2 Kh7 11. Nh4 $146 ({RR} 11. Ne1 Be6 12. Nd5 f5 13. c3 Qd7
14. Nc2 Rae8 15. Rad1 Bg8 16. f4 exf4 17. gxf4 Nxd5 18. exd5 Ne7 19. c4 Qa4 20.
b4 cxb4 21. Nxb4 a5 22. Nc2 Qxa2 23. Bd4 Bxd4+ 24. Nxd4 Qxd2 25. Rxd2 Nc8 {
Stubbs,P-Donaldson,J (2396) Los Angeles 2000 0-1 (35)}) ({RR} 11. Ne1 Be6 12.
f4 exf4 13. gxf4 f5 14. Nf3 Nd4 15. Rae1 Qd7 16. Bxd4 cxd4 17. Ne2 Nc6 18. Ng3
Rae8 19. Nh4 Bf6 20. Nxg6 Rg8 ({RR} 20... Kxg6 21. exf5+ Bxf5 22. Nxf5 Qxf5 23.
Be4 Rxe4 24. dxe4) 21. exf5 Bxf5 22. Rxe8 Rxe8 23. Nf8+ Rxf8 24. Nxf5 Rg8 25.
Ng3 Qf7 {Schuetz,I (2294)-Von Bahr,O (2347) Sweden 2001 1-0 (37)}) ({RR} 11.
Nd1 f5 12. Ne1 Nd4 13. f4 Nec6 14. c3 Ne6 {1/2-1/2 (14) Korovin,N (2038)
-Darenkov,M (2191) Borisoglebsk 2007}) 11... Be6 12. h3 Qd7 13. Kh2 a6 14. Nd5
g5 15. Nf3 Bxd5 16. exd5 Nb4 17. c4 a5 18. a3 Na6 19. Qxa5 Nb4 20. Qb5 Qxb5 21.
cxb5 Nbxd5 22. Nd2 f5 23. Nc4 Rad8 24. Bd2 b6 25. Rae1 f4 26. Bf3 Kh8 27. Kg2
Rf6 28. a4 Rb8 29. Re2 Nc7 30. gxf4 gxf4 31. Kh2 Ne6 32. Bc3 Nf5 33. Rfe1 Ned4
34. Bg4 Rg6 35. Rg1 Nh4 36. Bxd4 cxd4 37. Bh5 Re6 38. Nd2 d5 39. f3 Re7 40. Rc1
Bf6 41. Rc6 Bg5 42. Bg4 Rbb7 43. Re1 Kg7 44. Be6 Rb8 45. Bxd5 Nf5 46. Be4 Ne3
47. Nc4 Bh4 48. Rg6+ Kf8 49. Rxh6 Bg3+ 50. Kh1 Kg7 51. Rg6+ Kh8 52. Rh6+ Kg8
53. h4 Rg7 54. h5 Rg5 55. Rg6+ Rxg6 56. Bxg6 Rc8 57. a5 bxa5 58. b6 Rb8 59. h6
Nd5 60. b7 Rxb7 61. Nd6 Rb8 62. Bf7+ Kh7 63. Bxd5 Rxb2 64. Nf5 Kg6 65. Be4 Kg5
66. h7 Rb8 67. Ne7 Kf6 68. Ng6 1-0

[Event "Floripa Chess Open 2024"]
[Site "Florianopolis"]
[Date "2024.01.27"]
[Round "9.80"]
[White "De Almeida, Guilherme Pereira"]
[Black "Lucci, Bruno Wendorff"]
[Result "1-0"]
[WhiteElo "1731"]
[BlackElo "1931"]
[PlyCount "43"]
[EventDate "2024.01.20"]
[EventRounds "10"]
[EventCountry "BRA"]

1. Nf3 d5 2. d3 Nc6 3. e4 dxe4 4. dxe4 Qxd1+ 5. Kxd1 Bg4 6. Be3 O-O-O+ 7. Nbd2
Nf6 8. Kc1 a6 9. Ng5 Bh5 10. f3 h6 $146 ({RR} 10... e6 11. Nh3 Bd6 12. Nc4 Be7
13. Nf4 g5 14. Nxh5 Nxh5 15. g3 Rd7 16. Be2 Rhd8 17. a4 f5 18. exf5 exf5 19.
Bd3 Ng7 20. f4 Nb4 21. Ne5 gxf4 22. Bxf4 Nxd3+ 23. Nxd3 Ne6 24. Be3 Nd4 25.
Bxd4 {Van der Berg,A (2233)-Comp Rebel I The Hague 1996 0-1 (49)}) 11. Nh3 e5
12. c3 g5 13. g4 Bg6 14. Nf2 Nd7 15. b4 f6 16. Be2 a5 17. a3 axb4 18. axb4 b6
19. Bb5 Ncb8 20. Ra7 c5 21. Nc4 cxb4 22. Bxb6 1-0

[Event "Floripa Chess Open 2024"]
[Site "Florianopolis"]
[Date "2024.01.27"]
[Round "9.81"]
[White "Felix, Joao Eduardo Orland"]
[Black "Da Rosa, Henrique Jaze Simoe"]
[Result "1/2-1/2"]
[WhiteElo "1703"]
[BlackElo "1917"]
[PlyCount "28"]
[EventDate "2024.01.20"]
[EventRounds "10"]
[EventCountry "BRA"]

1. e4 e5 2. Nf3 Nc6 3. Bc4 Nf6 4. Nc3 Be7 5. O-O O-O 6. d3 d6 7. h3 Na5 8. Bb3
Nxb3 9. axb3 h6 10. Be3 a6 11. Nh2 d5 12. exd5 Nxd5 13. Nxd5 Qxd5 14. Qf3 Qxf3
$146 ({RR} 14... Qe6 15. Rfe1 Qg6 16. Bd2 Bd6 17. Bc3 Re8 18. Ng4 f6 19. Ne3
Rb8 20. Ra4 b5 21. Rh4 Bd7 22. g4 f5 23. Nxf5 Rf8 24. Rh5 Rbe8 25. Qe4 Qf6 26.
Bd2 Bc5 27. Qd5+ Be6 28. Qxc5 Bf7 29. Nxh6+ {Tikhomirova,V-Miliaeva,N
Zvenigorod 2005 0-1 (33)}) 1/2-1/2

[Event "Floripa Chess Open 2024"]
[Site "Florianopolis"]
[Date "2024.01.27"]
[Round "9.82"]
[White "Muzzi, Eduardo"]
[Black "Cordioli, Jairo Ribeiro"]
[Result "1-0"]
[WhiteElo "1913"]
[BlackElo "1703"]
[PlyCount "101"]
[EventDate "2024.01.20"]
[EventRounds "10"]
[EventCountry "BRA"]

1. d4 d5 2. Nf3 e6 3. Bg5 Be7 4. Bxe7 Qxe7 5. e3 Nf6 6. Nbd2 c5 7. c3 O-O 8.
Bd3 Nc6 $146 ({RR} 8... c4 9. Bc2 Nbd7 10. Ne5 Re8 11. f4 Nxe5 12. fxe5 Nd7 13.
O-O Qg5 14. Rf3 f5 15. exf6 Nxf6 16. Rg3 Qh5 17. Qf1 Rf8 18. Nf3 Bd7 19. Rh3
Qe8 20. Ne5 Ne4 21. Qe1 Qe7 22. Nxd7 Qxd7 23. Bxe4 {Modrova,H (2075)
-Kottnauerova,L (1740) Czechia 2003 1-0 (31)}) 9. Ne5 Nxe5 10. dxe5 Nd7 11. f4
f6 12. exf6 Nxf6 13. O-O e5 14. Qe1 Bg4 15. e4 c4 16. Bc2 Rac8 17. Qg3 Be2 18.
fxe5 Nh5 19. Rxf8+ Rxf8 20. Qe3 Nf4 21. Re1 Bd3 22. Bd1 Qxe5 23. exd5 Qxd5 24.
Bf3 Qb5 25. b3 cxb3 26. axb3 Qb6 27. Qxb6 axb6 28. g3 Nh3+ 29. Kg2 Ng5 30. Bxb7
Rc8 31. Bd5+ Kf8 32. Re3 Bg6 33. c4 Re8 34. Rxe8+ Kxe8 35. h4 Nf7 36. Bxf7+
Bxf7 37. Kf3 Kd7 38. Ke3 Kd6 39. Kd4 Bh5 40. Ne4+ Kc6 41. Ng5 h6 42. Ne6 Bd1
43. b4 g6 44. Ke5 Bg4 45. Nf4 g5 46. hxg5 hxg5 47. Ne6 Bd1 48. Nxg5 Bb3 49. Kd4
Kd6 50. Nf7+ Kc6 51. Ne5+ 1-0

[Event "Floripa Chess Open 2024"]
[Site "Florianopolis"]
[Date "2024.01.27"]
[Round "9.83"]
[White "Dos Santos, Leonardo Lopes"]
[Black "Peixoto, Rudson Marinho"]
[Result "1-0"]
[WhiteElo "1664"]
[BlackElo "1895"]
[PlyCount "65"]
[EventDate "2024.01.20"]
[EventRounds "10"]
[EventCountry "BRA"]

1. e4 c5 2. Nf3 d6 3. Nc3 Nf6 4. d4 cxd4 5. Nxd4 a6 6. Be2 e6 7. Be3 Be7 8. Qd2
b5 9. a3 Bb7 10. f3 Nbd7 11. g4 Ne5 12. g5 Nfd7 13. f4 Nc4 14. Bxc4 bxc4 15. f5
$146 ({RR} 15. Nde2 Qc7 16. O-O-O O-O 17. h4 Nc5 18. Bxc5 Qxc5 19. Rh3 Rfd8 20.
Qd4 Rac8 21. Qxc5 Rxc5 22. Nd4 d5 23. e5 Bc8 24. Nce2 Rc7 25. c3 Bd7 26. Rd2
Rb8 27. Nc2 Rcb7 28. Nb4 a5 29. Nd4 axb4 {Bachem,O (1887)-Schwarz,O (2128) Bad
Godesberg 2012 0-1 (63)}) ({RR} 15. Nf3 Rc8 16. Bd4 f6 17. Rg1 e5 18. Bf2 f5
19. Qe3 O-O 20. fxe5 {1/2-1/2 (20) Graf,M (1629)-Beyer,A (1417) Ditzingen 2012}
) ({RR} 15. Rf1 Nc5 16. e5 Ne4 17. Nxe4 Bxe4 18. h4 dxe5 19. fxe5 O-O 20. O-O-O
Qc7 21. Qc3 Bg6 22. Rh1 Bh5 23. Rdf1 Rab8 24. Nf3 Rb5 25. Nd4 Rb7 26. g6 hxg6
27. Nf3 Rfb8 28. Ng5 Bxg5 29. hxg5 Rxb2 {Cabral Mesquita,J (1870)-Lima,A
Fortaleza 2010 0-1 (50)}) 15... Nc5 16. fxe6 fxe6 17. Qg2 O-O 18. O-O-O e5 19.
Nde2 Ne6 20. Qg4 Bc8 21. h4 Nd4 22. Qg2 Nxe2+ 23. Qxe2 Be6 24. Nd5 Rc8 25. Qh5
c3 26. b3 Qd7 27. Rhg1 Bxd5 28. g6 hxg6 29. Qxg6 Bxh4 30. Rxd5 Qf7 31. Qg4 Qf1+
32. Rxf1 Rxf1+ 33. Rd1 1-0

[Event "Floripa Chess Open 2024"]
[Site "Florianopolis"]
[Date "2024.01.27"]
[Round "9.84"]
[White "Da Silva, Esequiel Luis Melo"]
[Black "Paz, Martin"]
[Result "1-0"]
[WhiteElo "1647"]
[BlackElo "1880"]
[PlyCount "97"]
[EventDate "2024.01.20"]
[EventRounds "10"]
[EventCountry "BRA"]

1. d4 Nf6 2. Nf3 c5 3. dxc5 Qa5+ 4. c3 ({RR} 4. Nbd2 e6 5. e3 Bxc5 6. Be2 Be7
7. O-O Qc7 8. c4 O-O 9. b3 b6 10. Bb2 Bb7 11. Rc1 d6 12. Nd4 Nbd7 13. Bf3 a6
14. Bxb7 Qxb7 15. Qf3 Qxf3 16. N2xf3 Rfc8 17. Rfd1 Ra7 18. Ne1 Rac7 {Muco,F 
(2415)-Kurajica,B (2535) Kavala 1985 1/2-1/2}) 4... Qxc5 5. Qd4 ({RR} 5. Be3
Qc7 6. h3 g6 7. g3 Bg7 8. Bg2 O-O 9. O-O d6 10. a4 e5 11. Na3 a6 12. a5 Be6 13.
Bb6 Qe7 14. Ng5 Bc8 15. h4 Nbd7 16. Nc4 Nxb6 17. Nxb6 Rb8 18. Qb3 h6 19. Ne4
Nxe4 {Cenikli,A (1803)-Ozdemir,A (1828) Konya TUR 2019 1-0 (38)}) 5... Qc7 $146
({RR} 5... e6 6. Qxc5 Bxc5 7. e3 b6 8. Be2 O-O 9. b3 d5 10. Bb2 Bb7 11. Nbd2
Nbd7 12. O-O a5 13. Bb5 Ba6 14. Bxa6 Rxa6 15. c4 a4 16. cxd5 Nxd5 17. Ne4 a3
18. Bd4 Bb4 19. Rfc1 f5 20. Nc3 {Alves,B-Garcia Loureiro,E Benedita 2006 0-1 
(60)}) 6. Bf4 d6 7. Qa4+ Bd7 8. Qb3 Na6 9. Nbd2 Nc5 10. Qc2 e5 11. Bg5 Be7 12.
Bxf6 Bxf6 13. e4 Bc6 14. Bc4 O-O 15. O-O b5 16. Bd5 Bxd5 17. exd5 Rac8 18. Ne4
Be7 19. Qe2 Nxe4 20. Qxe4 f5 21. Qe2 Qb7 22. Rfd1 Rc5 23. a4 a6 24. axb5 axb5
25. Qd2 e4 26. b4 Rc4 27. Ne1 Bf6 28. Ra3 Qc7 29. Rc1 Rc8 30. Qf4 Bxc3 31. Qxf5
Bxb4 32. Rxc4 Qxc4 33. Qe6+ Kh8 34. Re3 h6 35. Rxe4 Qc3 36. Rxb4 Qxb4 37. Qxc8+
Kh7 38. Qc2+ Kg8 39. Nd3 Qd4 40. Qc8+ Kh7 41. Qf5+ Kh8 42. g3 Qb6 43. Nf4 b4
44. Ng6+ Kg8 45. Qe6+ Kh7 46. Ne7 Qb8 47. Nc6 Qb6 48. Qe4+ Kh8 49. Qxb4 1-0

[Event "Floripa Chess Open 2024"]
[Site "Florianopolis"]
[Date "2024.01.27"]
[Round "9.85"]
[White "De Paula, Luan Araujo"]
[Black "De Souza, Samuel B Ornelas"]
[Result "1-0"]
[WhiteElo "1863"]
[BlackElo "1639"]
[PlyCount "69"]
[EventDate "2024.01.20"]
[EventRounds "10"]
[EventCountry "BRA"]

1. d4 Nf6 2. Nf3 c5 3. g3 b6 4. Bg2 Bb7 5. O-O cxd4 6. Qxd4 g6 7. c4 Bg7 8. Nc3
O-O 9. Qh4 d6 10. Bh6 Nbd7 11. Bxg7 Kxg7 12. Rad1 ({RR} 12. Rac1) ({RR} 12. Qd4
Rc8 13. Rfd1 Re8 14. b3 Qc7 15. Ne1 Kg8 16. Bxb7 Qxb7 17. Nd5 a6 18. Rac1 b5
19. Nxf6+ Nxf6 20. c5 dxc5 21. Rxc5 Rxc5 22. Qxc5 Rc8 23. Qd4 Ne4 24. f3 Nc3
25. Rd2 b4 26. Kg2 a5 {Lauritzen,E (1990)-Fucak,E (2192) Mali Losinj CRO 2019
1/2-1/2 (40)}) 12... Rc8 13. b3 Qc7 $146 ({RR} 13... a6 14. e4 Rc5 15. Nd5 Nxd5
16. exd5 b5 17. Rfe1 Nf6 18. Qd4 bxc4 19. bxc4 Re8 20. Rb1 Qc7 21. Bf1 e5 22.
Qb2 Bc8 23. Qb6 Bg4 24. Nd2 Nd7 25. Qxc7 Rxc7 26. Ne4 Rd8 27. Nxd6 Nc5 28. Rb6
{Khelaia,G (2051)-Morchiashvili,B (2352) Poti 2012 1-0 (39)}) 14. Rfe1 Qc5 15.
e4 Ne5 16. Nd4 Neg4 17. Nd5 Bxd5 18. exd5 Rc7 19. h3 Nh6 20. g4 Nhg8 21. g5 Nd7
22. Qf4 Re8 23. h4 Nf8 24. h5 f6 25. h6+ Kh8 26. Bh3 f5 27. Qd2 e5 28. dxe6 Ne7
29. Qb2 Kg8 30. Nb5 Nc8 31. Nxc7 Qxc7 32. e7 Rxe7 33. Bg2 Kf7 34. Bd5+ Ke8 35.
Qg7 1-0

[Event "Floripa Chess Open 2024"]
[Site "Florianopolis"]
[Date "2024.01.27"]
[Round "9.86"]
[White "Hirano, Enzo Erich Kreutz"]
[Black "Flesch, Lucas Henrique Ye"]
[Result "1/2-1/2"]
[WhiteElo "1861"]
[BlackElo "1571"]
[PlyCount "135"]
[EventDate "2024.01.20"]
[EventRounds "10"]
[EventCountry "BRA"]

1. e4 e6 2. d4 d5 3. Nd2 Nf6 4. e5 Nfd7 5. c3 c5 6. Bd3 Nc6 7. Ne2 cxd4 8. cxd4
f6 9. exf6 Nxf6 10. Nf3 Bd6 11. O-O O-O 12. Bf4 Bxf4 13. Nxf4 Ne4 14. Qc1 Ng5
15. Nxg5 Qxg5 16. Bxh7+ Kxh7 17. Nxe6 Qf5 18. Nxf8+ Qxf8 19. Qg5 Qf5 20. Qh4+
Kg8 21. Rfe1 Bd7 ({RR} 21... Be6 22. h3 Rf8 23. Re3 Rf6 24. Rae1 Rh6 25. Qg3
Nxd4 26. Re5 Qf7 27. Rg5 Nc6 28. a3 d4 29. b4 a6 30. Re4 Rf6 31. a4 Bf5 32. Rf4
d3 33. Qe3 Qd7 34. Qd2 Nd4 35. Kh1 Nb3 36. Qd1 {Goncharov,V (2077)-Csonka,B 
(2496) chess.com INT 2021 0-1 (41)}) 22. Rac1 $146 ({RR} 22. Re3 Qg4 23. Qxg4
Bxg4 24. h3 Bf5 25. Rd1 Kf7 26. g4 Be4 27. f3 Bg6 28. Kf2 Rc8 29. Rc3 Ke6 30.
h4 Kd6 31. h5 Bh7 32. Rd2 Rf8 33. Kg3 Ke6 34. Kh4 Kf6 35. Re3 Rd8 36. Kg3 Rh8 {
Gholami,A (1902)-Gupta,B (1742) Porto Carras 2010 1/2-1/2 (68)}) ({RR} 22. f3
Rf8 23. Rad1 Rf6 24. Qf2 Rg6 25. Re2 a6 26. Qe3 Qf6 27. Qb3 Rg5 28. h4 Rh5 29.
Qxb7 Qd6 30. Qa8+ Kf7 31. Qxa6 Rxh4 32. Kf2 Rh6 33. Qa3 Qh2 34. Qe3 Rg6 35. Ke1
Qh4+ 36. Qf2 Qd8 {Vachier Lagrave,M (2632)-Volkov,S (2633) Plovdiv 2008 1/2-1/
2 (40)}) ({RR} 22. Re3 Qf6 23. Qxf6 gxf6 24. Rd1 Kf7 25. f3 Rc8 26. Kf2 Nb4 27.
a3 Nc6 28. g4 Kg6 29. Kg3 Re8 30. Rxe8 Bxe8 31. h4 f5 32. Kf4 fxg4 33. fxg4 Na5
34. Re1 Ba4 35. h5+ Kf7 36. g5 Bc2 {Grela,K (2017)-Mis,M (1662) Maslow
Pierwszy 2014 1-0 (41)}) 22... Rf8 23. f3 Qf4 24. Qxf4 Rxf4 25. Red1 Kf7 26.
Kf2 Ke6 27. Ke3 Rh4 28. h3 Kd6 29. Rd2 g5 30. b3 a6 31. Rh1 Ne7 32. Kf2 Nf5 33.
g4 Ne7 34. Kg3 Ng6 35. Re2 Rh8 36. Rhe1 Nf4 37. Rh2 Ng6 38. Re3 Rh7 39. Rh1 Rh8
40. Rh2 Rh7 41. Kf2 b5 42. b4 Nf4 43. Kg3 Ng6 44. Ra3 Bc8 45. Rc3 Bd7 46. Re3
Rh8 47. Ra3 Bc8 48. Rc2 Bb7 49. Rh2 Bc8 50. Rc3 Bd7 51. Rc5 Rh7 52. Rcc2 Rh8
53. Rc3 Rh7 54. Kf2 Nf4 55. h4 gxh4 56. Re3 Ng6 57. Rh1 Rf7 58. Kg2 Nf4+ 59.
Kh2 Ne6 60. Rd1 Ng5 61. Kg2 Ne6 62. Kh2 Ng5 63. Kg2 Ne6 64. Ra3 Bc8 65. Re3 Bd7
66. Kf2 Ng5 67. Kg2 Ne6 68. Kf2 1/2-1/2

[Event "Floripa Chess Open 2024"]
[Site "Florianopolis"]
[Date "2024.01.27"]
[Round "9.87"]
[White "Hataby, Raed"]
[Black "Dias, Matheus Nunes"]
[Result "1-0"]
[WhiteElo "1888"]
[BlackElo "1684"]
[PlyCount "73"]
[EventDate "2024.01.20"]
[EventRounds "10"]
[EventCountry "BRA"]

1. e3 e6 2. c4 Nf6 3. Nf3 d5 4. g3 c5 5. Bg2 Nc6 6. O-O Be7 7. b3 O-O 8. Bb2
Qc7 9. d4 ({RR} 9. Qe2 Rd8 10. Nc3 b6 11. Rac1 dxc4 12. bxc4 Bb7 13. Nb5 Qd7
14. Rfd1 a6 15. Nc3 Qc7 16. d4 cxd4 17. exd4 Na5 18. Nb1 Rac8 19. Nbd2 Bc6 20.
Bh3 Bxf3 21. Qxf3 b5 22. d5 Nxc4 23. Nxc4 bxc4 {Sarno,S (2373)-Dervishi,E 
(2496) Montecatini Terme 1999 1-0 (65)}) ({RR} 9. cxd5 exd5 10. d4 Bg4 11. Nc3
Rad8 12. h3 Bh5 13. dxc5 Bxc5 14. Nb5 Qe7 15. Rc1 Ne4 16. Nbd4 f5 17. Qd3 Nb4
18. Qb1 Bxd4 19. Nxd4 Nd2 20. Qa1 Nxf1 21. Rxf1 Nd3 22. Bc3 Nc5 23. Bb4 Rc8 {
Afanasiev,N (2560)-Pastukhov,L (2225) Yekaterinburg RUS 2021 1-0 (50)}) 9...
Rd8 10. Qe2 b6 $146 ({RR} 10... cxd4 11. exd4 b6 12. Nc3 Bb7 13. Rac1 Rac8 14.
Rfd1 a6 15. cxd5 exd5 16. Ne5 b5 17. a4 b4 18. Nb5 axb5 19. axb5 Nxd4 20. Rxd4
Qd6 21. Rdd1 Qe6 22. Qd3 Bc5 23. Nc6 Bxc6 24. Rxc5 Ba8 25. Bd4 {Moor,R (2315)
-Barbueda,I Switzerland 1998 1-0 (33)}) ({RR} 10... a6 11. Nbd2 b6 12. e4 Bb7
13. dxc5 bxc5 14. exd5 exd5 15. cxd5 Nxd5 {1/2-1/2 (15) Znamensky,N-Galiullin,
Z (1890) Cheliabinsk 2009}) 11. Nc3 Ba6 12. Nb5 Bxb5 13. cxb5 Na5 14. Rac1 Rac8
15. Rc2 Qb8 16. Rfc1 c4 17. bxc4 Nxc4 18. Ne5 Nxe5 19. dxe5 Nd7 20. f4 Rxc2 21.
Qxc2 Nc5 22. Bd4 Qc7 23. h4 Qd7 24. a4 h6 25. Kh2 Rf8 26. Bh3 g6 27. h5 Ne4 28.
hxg6 fxg6 29. Qc6 Qxc6 30. Rxc6 Nc5 31. Bxe6+ Nxe6 32. Rxe6 Kf7 33. Rc6 Rd8 34.
Kh3 Bb4 35. g4 h5 36. Rf6+ Kg7 37. e6 1-0

[Event "Floripa Chess Open 2024"]
[Site "Florianopolis"]
[Date "2024.01.27"]
[Round "9.88"]
[White "Pereira, Armando Scharlau"]
[Black "Fischer, Ivo Lucio"]
[Result "0-1"]
[WhiteElo "1618"]
[BlackElo "1860"]
[PlyCount "140"]
[EventDate "2024.01.20"]
[EventRounds "10"]
[EventCountry "BRA"]

1. Nf3 d5 2. g3 Nf6 3. Bg2 g6 4. d4 Bg7 5. c4 O-O 6. Nc3 c6 7. cxd5 cxd5 8. Ne5
Nc6 9. Nxc6 bxc6 10. O-O Bf5 11. Bf4 Nh5 12. Rc1 $146 ({RR} 12. Be3 Qd7 13. Na4
Bh3 14. Rc1 Bxg2 15. Kxg2 f5 16. f4 Rab8 17. b3 Nf6 18. Qd3 Ne4 19. Rc2 Rf6 20.
Rfc1 h6 21. Nc5 Qe8 22. Qa6 Qc8 23. Qxa7 Nxc5 24. Qxc5 Qe6 25. Qc3 Qe4+ 26. Kf2
Re6 {Rosenberg,A-Czerniak,M Haifa/Tel Aviv 1958 0-1 (55)}) ({RR} 12. Be3 c5 13.
Nxd5 e6 14. Nf4 cxd4 15. Nxh5 gxh5 16. Bxa8 Qxa8 17. Bf4 Bh3 18. f3 e5 19. Bd2
e4 20. fxe4 Bxf1 21. Qxf1 Qxe4 22. Qf3 Qc2 23. Qd3 Qxb2 24. Rb1 Qxa2 25. Rb5
Qa6 26. Rxh5 Qxd3 {Adly,A (2596)-Mamedov,R (2656) Europe-Echecs INT 2021 1/2-1/
2 (63)}) ({RR} 12. Be3 Rb8 13. b3 Nf6 14. Na4 Ng4 15. Bf4 Rb4 16. e3 e5 17.
dxe5 Nxe5 18. Rc1 Qa8 19. Nc5 Rb5 20. Bxe5 Bxe5 21. g4 Bc8 22. a4 Rb8 23. h3 a5
24. Qc2 Qa7 25. Rb1 Rb6 26. Rfc1 Qe7 {Davis,L (1972)-Saraci,K (2149) Terme
Catez SLO 2021 0-1 (42)}) ({RR} 12. Na4 Nxf4 13. gxf4 Qa5 14. e3 Rab8 15. b3
Rb5 16. Rc1 Rc8 17. Qe2 Rbb8 18. Rc5 Rb5 19. Rc3 Bf8 20. Rfc1 Qa6 21. Bf1 Qb7
22. Rxc6 Rxc6 23. Rxc6 Rxb3 24. axb3 Qxc6 25. Qd2 e6 26. Bd3 Bh3 {Pert,N (2090)
-Pashkov,A Herculane 1994 1/2-1/2 (50)}) ({RR} 12. Bg5 h6 13. Be3 Rb8 14. Qd2
Kh7 15. Na4 Rb5 16. Rac1 Qd6 17. Nc5 Rfb8 18. b3 g5 19. Rc3 Nf6 20. f3 Nd7 21.
Na4 Rc8 22. Rfc1 e5 23. Nc5 Nxc5 24. Rxc5 Rxc5 25. Rxc5 Re8 26. Bf1 Qf6 {
Schmidbauer,F-Dudek,C Ludweiler 1994 1/2-1/2 (63)}) 12... Nxf4 13. gxf4 Qb6 14.
Na4 Qxd4 15. Qxd4 Bxd4 16. Rxc6 Bd7 17. Ra6 e6 18. Nc3 Bxc3 19. bxc3 Bb5 20.
Ra5 Bxe2 21. Re1 Bc4 22. Rb1 Rfb8 23. Rb4 Rxb4 24. cxb4 Rb8 25. a3 Rb7 26. Rc5
Rd7 27. Bf1 Bxf1 28. Kxf1 Kf8 29. b5 Ke7 30. a4 Kd8 31. Rc6 Rc7 32. Ra6 Rb7 33.
Ke2 Kc8 34. Kd3 Rc7 35. Kd4 Rc4+ 36. Ke3 Re4+ 37. Kf3 Kb7 38. Ra5 Rb4 39. Ra6
Rb3+ 40. Ke2 Ra3 41. Ra5 h5 42. Ra6 h4 43. a5 Rb3 44. Rd6 Rxb5 45. Rd7+ Ka6 46.
Rxf7 Rxa5 47. Rf6 Kb5 48. Rxe6 Ra6 49. Re5 Kc4 50. f5 Kd4 51. f4 gxf5 52. Rxf5
Ra2+ 53. Kf3 Rxh2 54. Rf7 a5 55. Ra7 Ra2 56. Kg4 Ke3 57. Re7+ Kd3 58. f5 a4 59.
Kxh4 Rf2 60. Ra7 Rxf5 61. Rxa4 d4 62. Kg4 Rf8 63. Ra7 Kd2 64. Ra2+ Ke3 65. Ra7
d3 66. Re7+ Kd2 67. Re6 Kd1 68. Re7 d2 69. Rd7 Re8 70. Rb7 Ke1 0-1